[Event "7. Arber-Open Bodenmais 2018"]
[Site "Bodenmais"]
[Date "2018.07.31"]
[Round "4.11"]
[White "Hrdina, Karl"]
[Black "Hoffmann, Sebastian"]
[Result "1/2-1/2"]
[WhiteElo "1957"]
[BlackElo "2174"]
[PlyCount "134"]
[EventDate "2018.??.??"]
[WhiteTeam "SV MÃ¶dling"]
[BlackTeam "SC NT NÃ¼rnberg"]

1. d4 d5 2. Nf3 Nf6 3. c4 c6 4. e3 Bg4 5. cxd5 Bxf3 6. Qxf3 cxd5 7. Bb5+ Nbd7
8. Nc3 e6 9. O-O Bd6 10. e4 dxe4 11. Nxe4 Nxe4 12. Qxe4 O-O 13. Bd3 Nf6 14. Qh4
Be7 15. Rd1 g6 16. Bh6 Re8 17. Bb5 Nd7 18. Qh3 a6 19. d5 axb5 20. dxe6 Ne5 21.
Rxd8 Bxd8 22. exf7+ Nxf7 23. Be3 Bf6 24. g3 Bxb2 25. Rb1 Bf6 26. Rxb5 Rxa2 27.
Rxb7 h5 28. Qd7 Re7 29. Qc8+ Kg7 30. Rxe7 Bxe7 31. Bd4+ Bf6 32. Bxf6+ Kxf6 33.
Qc3+ Ke7 34. Qc5+ Kf6 35. Qd4+ Ke7 36. h4 Ra6 37. Qc5+ Rd6 38. Kg2 Kf6 39. Qc3+
Ke7 40. f3 Kf8 41. g4 hxg4 42. fxg4 Ke7 43. Kg3 Kf8 44. Qe3 Kg7 45. Qe4 Kf8 46.
g5 Kg7 47. Kg4 Rd1 48. Kg3 Rd6 49. Kf2 Rd2+ 50. Ke3 Rd1 51. Ke2 Rd6 52. Qg4 Rd5
53. Qf4 Rd6 54. Ke3 Kg8 55. Ke4 Kg7 56. Qg4 Rd8 57. Ke3 Rd6 58. Qc8 Rd5 59.
Qc3+ Kg8 60. Ke4 Rd6 61. Kf4 Rd5 62. Qc4 Rd6 63. h5 gxh5 64. Kf5 Kg7 65. Qc3+
Kh7 66. Qf3 Kg7 67. Qc3+ Kh7 1/2-1/2

[Event "7. Arber-Open Bodenmais 2018"]
[Site "Bodenmais"]
[Date "2018.07.31"]
[Round "4.12"]
[White "Puschendorf, Steffen"]
[Black "Schleich, Theodor"]
[Result "1-0"]
[WhiteElo "2153"]
[BlackElo "1961"]
[PlyCount "53"]
[EventDate "2018.??.??"]
[WhiteTeam "ESV Gera"]
[BlackTeam "MÃ¼nchener SC"]

1. d4 e6 2. c4 b6 3. e4 Bb7 4. Bd3 Bb4+ 5. Bd2 Qe7 6. a3 Bxd2+ 7. Nxd2 f5 8.
Qe2 Nh6 9. Ngf3 O-O 10. O-O d6 11. exf5 Nxf5 12. Rfe1 c5 13. Bxf5 Rxf5 14.
Qxe6+ Qxe6 15. Rxe6 d5 16. dxc5 bxc5 17. cxd5 Bxd5 18. Re8+ Rf8 19. Rxf8+ Kxf8
20. Ne5 Na6 21. Ndc4 Re8 22. Kf1 Re6 23. Rc1 Ke7 24. Nd3 Re4 25. Ne3 c4 26.
Nxd5+ Kd6 27. N3b4 1-0

[Event "7. Arber-Open Bodenmais 2018"]
[Site "Bodenmais"]
[Date "2018.07.31"]
[Round "4.13"]
[White "Reuter, Roland"]
[Black "Jergler, Karl-Heinz"]
[Result "0-1"]
[WhiteElo "1953"]
[BlackElo "2152"]
[PlyCount "74"]
[EventDate "2018.??.??"]
[WhiteTeam "SK Schwabach"]
[BlackTeam "SC Rottal-Inn"]

1. Nf3 Nf6 2. g3 d5 3. Bg2 g6 4. O-O Bg7 5. d4 O-O 6. Nc3 Nbd7 7. Bf4 c5 8.
dxc5 Nxc5 9. Qd2 Nce4 10. Nxe4 Nxe4 11. Qb4 a5 12. Qb5 b6 13. Rfd1 e6 14. Qb3
Nc5 15. Qa3 Ba6 16. Bf1 Qc8 17. Bd6 Rd8 18. Bxc5 bxc5 19. Rab1 Qc7 20. Qe3 d4
21. Qc1 Rab8 22. e3 Bb7 23. Bg2 Bh6 24. Rd3 e5 25. Rb3 e4 26. Nd2 c4 27. Rxb7
Rxb7 28. Nxe4 Rb6 29. Qe1 f5 30. Nd2 dxe3 31. fxe3 Qc5 32. Kh1 Bxe3 33. Nxc4
Qxc4 34. Qxe3 Re6 35. Qg5 Red6 36. h4 Qxc2 37. Rc1 Qxc1+ 0-1

[Event "7. Arber-Open Bodenmais 2018"]
[Site "Bodenmais"]
[Date "2018.07.31"]
[Round "4.14"]
[White "Lindstaedt, Erik"]
[Black "Ilic, Andreas"]
[Result "0-1"]
[WhiteElo "919"]
[BlackElo "1893"]
[PlyCount "44"]
[EventDate "2018.??.??"]
[WhiteTeam "SV Unser Fritz"]
[BlackTeam "DBSB"]

1. e4 Nf6 2. e5 Nd5 3. d4 d6 4. Nf3 Nc6 5. exd6 cxd6 6. c4 Nb6 7. Be3 Bg4 8. b3
e5 9. Be2 Be7 10. O-O O-O 11. Nc3 exd4 12. Nxd4 Bxe2 13. Ncxe2 d5 14. cxd5 Nxd5
15. Rc1 Nxe3 16. fxe3 Bg5 17. Rc3 Qe7 18. Nc2 Rad8 19. Qe1 Ne5 20. Qg3 Rd2 21.
Rf5 Rd1+ 22. Kf2 Bh4 0-1

[Event "7. Arber-Open Bodenmais 2018"]
[Site "Bodenmais"]
[Date "2018.07.31"]
[Round "4.15"]
[White "Beulertz, Stefan"]
[Black "Bensch, Patrick"]
[Result "0-1"]
[WhiteElo "1983"]
[BlackElo "2197"]
[PlyCount "88"]
[EventDate "2018.??.??"]
[WhiteTeam "SC Werl 1981"]
[BlackTeam "SC Rottal-Inn"]

1. b3 e5 2. Bb2 Nc6 3. c4 Nf6 4. e3 Bd6 5. a3 O-O 6. d3 Re8 7. Nd2 a5 8. Ngf3
Bf8 9. Be2 d5 10. cxd5 Nxd5 11. Qc2 f6 12. O-O Be6 13. Rac1 Bf7 14. Rfd1 Qe7
15. Bf1 Rac8 16. g3 Nd8 17. Nc4 Nc6 18. Ncd2 Nb6 19. Bh3 Rcd8 20. Bg2 Bd5 21.
Nc4 e4 22. Nh4 exd3 23. Bxd5+ Nxd5 24. Rxd3 Qe4 25. Rd2 b5 26. Qxe4 Rxe4 27. f3
Rxh4 28. gxh4 bxc4 29. Rxc4 Nxe3 30. Rxd8 Nxc4 31. Rxf8+ Kxf8 32. bxc4 Ke7 33.
c5 Ke6 34. Bc1 Kd5 35. Be3 a4 36. Kf2 Kc4 37. Ke2 Nd4+ 38. Bxd4 Kxd4 39. c6 Kc4
40. Kd2 Kb3 41. f4 Kxa3 42. Kc3 g6 43. h5 gxh5 44. h4 f5 0-1

[Event "7. Arber-Open Bodenmais 2018"]
[Site "Bodenmais"]
[Date "2018.07.31"]
[Round "4.16"]
[White "Pitica, Silviu Valentin"]
[Black "Strangmueller, Andreas"]
[Result "1-0"]
[WhiteElo "2149"]
[BlackElo "1980"]
[PlyCount "43"]
[EventDate "2018.??.??"]
[WhiteTeam "ITALIEN"]
[BlackTeam "SK Landshut"]
[WhiteTeamCountry "ITA"]

1. d4 d5 2. c4 c6 3. Nf3 Nf6 4. e3 e6 5. b3 Nbd7 6. Bd3 Bd6 7. Bb2 Qa5+ 8. Nbd2
Ne4 9. O-O Nxd2 10. Nxd2 e5 11. e4 O-O 12. cxd5 cxd5 13. exd5 Qxd5 14. Be4 Qe6
15. Nc4 f5 16. dxe5 fxe4 17. Nxd6 Nxe5 18. Qd4 Rf6 19. Nxe4 Rf5 20. Ng3 Rg5 21.
Qd8+ Kf7 22. Qxg5 1-0

[Event "7. Arber-Open Bodenmais 2018"]
[Site "Bodenmais"]
[Date "2018.07.31"]
[Round "4.17"]
[White "Herbold, Manfred"]
[Black "Kneutgen, Alexander"]
[Result "1/2-1/2"]
[WhiteElo "2144"]
[BlackElo "1933"]
[PlyCount "83"]
[EventDate "2018.??.??"]
[WhiteTeam "SC Niedermohr-HÃ¼tschenhausen"]
[BlackTeam "SG Niederkassel"]

1. e4 e6 2. d4 d5 3. Nc3 h6 4. Nf3 Nf6 5. Bd3 Bb4 6. e5 Ne4 7. Bd2 Nxd2 8. Qxd2
O-O 9. a3 Be7 10. Ne2 b6 11. O-O c5 12. c3 Ba6 13. Bxa6 Nxa6 14. Ng3 c4 15.
Rae1 Nc7 16. Re2 b5 17. Ne1 f5 18. exf6 Bxf6 19. f4 Qd7 20. Nf3 Qf7 21. Qc2 g6
22. Ref2 Qg7 23. h4 h5 24. Ne2 Rf7 25. g3 Ne8 26. Ne5 Bxe5 27. fxe5 Rf5 28. g4
hxg4 29. Ng3 Qh6 30. h5 Ng7 31. hxg6 Qe3 32. Nxf5 Nxf5 33. Qd2 Qxd2 34. Rxd2
Kg7 35. a4 bxa4 36. Ra1 a5 37. Rxa4 Kxg6 38. b4 cxb3 39. Rb2 Ne3 40. Rxb3 Nc4
41. Rb7 Kf5 42. Rg7 1/2-1/2

[Event "7. Arber-Open Bodenmais 2018"]
[Site "Bodenmais"]
[Date "2018.07.31"]
[Round "4.18"]
[White "Kottmair, Toni"]
[Black "Legemaat, Gerrit"]
[Result "1/2-1/2"]
[WhiteElo "2126"]
[BlackElo "1946"]
[PlyCount "74"]
[EventDate "2018.??.??"]
[WhiteTeam "SK KÃ¶nigsbrunn"]
[BlackTeam "SV Doorn Driebergen"]

1. Nf3 c5 2. g3 b6 3. Bg2 Bb7 4. b3 Nf6 5. Bb2 e6 6. c4 Be7 7. Nc3 O-O 8. O-O
Nc6 9. d4 cxd4 10. Nxd4 a6 11. Nxc6 Bxc6 12. Bxc6 dxc6 13. Qc2 Qc7 14. Rfd1
Rfd8 15. Ne4 Nxe4 16. Qxe4 Rxd1+ 17. Rxd1 Rd8 18. Rxd8+ Bxd8 19. Qg4 f5 20. Qf3
Qd7 21. Kg2 Bf6 22. Bxf6 gxf6 23. Qe3 c5 24. Qf3 Kg7 25. Qa8 a5 26. Qb8 Qc6+
27. f3 e5 28. a4 Qe6 29. Qd8 Kg6 30. Qd3 Kg7 31. e4 fxe4 32. fxe4 Qg4 33. h3
Qg5 34. Qd7+ Kg6 35. Kf3 Qc1 36. Qe8+ Kg7 37. Qe7+ Kg6 1/2-1/2

[Event "7. Arber-Open Bodenmais 2018"]
[Site "Bodenmais"]
[Date "2018.07.31"]
[Round "4.19"]
[White "Kugelmann, Werner"]
[Black "Lehmann, Tim"]
[Result "1-0"]
[WhiteElo "2119"]
[BlackElo "1915"]
[PlyCount "75"]
[EventDate "2018.??.??"]
[WhiteTeam "TSV Wertingen"]
[BlackTeam "SV Lahn Limburg"]

1. e4 c5 2. Nf3 d6 3. d4 cxd4 4. Nxd4 Nf6 5. Nc3 a6 6. Bg5 e6 7. f4 Be7 8. Qf3
Qc7 9. O-O-O Nbd7 10. Bd3 h6 11. Qh3 Nc5 12. f5 h5 13. Qg3 Bd7 14. fxe6 fxe6
15. e5 dxe5 16. Bg6+ Kd8 17. Nf3 Ng4 18. Bxe7+ Kxe7 19. h3 Nf6 20. Nxe5 Raf8
21. Qg5 Bc6 22. Bxh5 Ncd7 23. Ng6+ Kd8 24. Nxh8 Rxh8 25. Qxg7 Qf4+ 26. Kb1 Rxh5
27. Rhf1 Qh6 28. Qxf6+ Qxf6 29. Rxf6 Bxg2 30. Rxe6 Bxh3 31. Re4 Bg2 32. Red4
Bc6 33. Nd5 Ke8 34. Nb4 Bf3 35. Rxd7 a5 36. Rd8+ Ke7 37. R1d7+ Ke6 38. Nd3 1-0

[Event "7. Arber-Open Bodenmais 2018"]
[Site "Bodenmais"]
[Date "2018.07.31"]
[Round "4.21"]
[White "Medunova, Vera"]
[Black "Strahl, Christian"]
[Result "1/2-1/2"]
[WhiteElo "2101"]
[BlackElo "1861"]
[PlyCount "71"]
[EventDate "2018.??.??"]
[WhiteTeam "SK Rothenburg"]
[BlackTeam "1.FC Marktleuthen"]

1. e4 c6 2. d4 d5 3. e5 Bf5 4. Nc3 e6 5. g4 Bg6 6. Nge2 h5 7. Nf4 Ne7 8. Nxg6
Nxg6 9. gxh5 Nh4 10. Qg4 Nf5 11. Bd3 Qd7 12. Bd2 Na6 13. a3 Nc7 14. O-O-O O-O-O
15. Bxf5 exf5 16. Qf3 g6 17. hxg6 fxg6 18. Bg5 Bh6 19. Qg2 Ne6 20. Bxh6 Rxh6
21. h4 Rdh8 22. Ne2 Qh7 23. f4 Nf8 24. c4 dxc4 25. d5 cxd5 26. Qxd5 Qe7 27. Rd4
Rxh4 28. Rhd1 Ne6 29. Rxc4+ Kb8 30. Qd6+ Qxd6 31. Rxd6 Re8 32. b3 g5 33. fxg5
Rxc4+ 34. bxc4 Nxg5 35. Rg6 Rxe5 36. Rxg5 1/2-1/2

[Event "7. Arber-Open Bodenmais 2018"]
[Site "Bodenmais"]
[Date "2018.07.31"]
[Round "4.22"]
[White "Rempe, Jonas"]
[Black "Schwenkreis, Thomas"]
[Result "0-1"]
[WhiteElo "1567"]
[BlackElo "2087"]
[PlyCount "84"]
[EventDate "2018.??.??"]
[WhiteTeam "SK Doppelbauer Kiel"]
[BlackTeam "SV Oberursel"]

1. e4 e5 2. Nf3 d6 3. d4 Nf6 4. Nc3 Nbd7 5. Bc4 Be7 6. O-O c6 7. a4 O-O 8. Re1
Qc7 9. Bb3 b6 10. d5 c5 11. Nh4 Re8 12. Nf5 Bf8 13. g4 Nb8 14. Bg5 Bxf5 15. Nb5
Qc8 16. gxf5 Nbd7 17. f3 h6 18. Be3 Nh5 19. c4 Be7 20. Qd2 a6 21. Nc3 Qd8 22.
Re2 Bg5 23. Bxg5 hxg5 24. Rg2 Nf4 25. Rg3 Qf6 26. Ne2 Qh6 27. Rf1 Nf6 28. Nxf4
exf4 29. Rg2 Nd7 30. Bd1 Ne5 31. Be2 f6 32. Kh1 Kf7 33. Rff2 Rh8 34. b3 g6 35.
fxg6+ Qxg6 36. Rg1 Rh3 37. Qd1 Rah8 38. Qf1 Qh7 39. Qg2 g4 40. Bf1 Nxf3 41.
Qxh3 gxh3 42. Rxf3 Qxe4 0-1

[Event "7. Arber-Open Bodenmais 2018"]
[Site "Bodenmais"]
[Date "2018.07.31"]
[Round "4.23"]
[White "Rieling, Thomas"]
[Black "Wolff, Peter"]
[Result "1-0"]
[WhiteElo "2079"]
[BlackElo "1894"]
[PlyCount "65"]
[EventDate "2018.??.??"]
[WhiteTeam "SC Diogenes"]
[BlackTeam "VSG Offenbach"]

1. e4 c6 2. d4 d5 3. exd5 cxd5 4. Bd3 Nc6 5. c3 Nf6 6. Bf4 Bg4 7. Qb3 Qc8 8.
Nd2 Bh5 9. Ngf3 e6 10. Ne5 Bg6 11. Bb5 Nd7 12. Ndf3 Ndxe5 13. Nxe5 a6 14. Bxc6+
bxc6 15. Qa4 f6 16. Nxg6 hxg6 17. O-O Qd7 18. Rfe1 Kf7 19. c4 g5 20. Bg3 Bd6
21. cxd5 exd5 22. Rac1 Bxg3 23. hxg3 Rac8 24. a3 Rh6 25. Qxa6 Rch8 26. f3 Rh1+
27. Kf2 Rxe1 28. Rxe1 g4 29. f4 Qf5 30. Qxc6 Rc8 31. Qb5 Rc2+ 32. Kg1 Rd2 33.
Qe8# 1-0

[Event "7. Arber-Open Bodenmais 2018"]
[Site "Bodenmais"]
[Date "2018.07.31"]
[Round "4.24"]
[White "Hein, Ralf"]
[Black "Uneken, Bert"]
[Result "1/2-1/2"]
[WhiteElo "2048"]
[BlackElo "1804"]
[PlyCount "85"]
[EventDate "2018.??.??"]
[WhiteTeam "SC Diogenes"]
[BlackTeam "Niederlande"]
[BlackTeamCountry "NED"]

1. c4 e5 2. Nc3 Nf6 3. g3 d5 4. cxd5 Nxd5 5. Bg2 Nb6 6. Nf3 Nc6 7. O-O Be7 8.
b3 O-O 9. Bb2 Bf5 10. d3 Qd7 11. Re1 Rad8 12. Nd2 Be6 13. Nc4 Nd5 14. Nxd5 Bxd5
15. e4 Bxc4 16. dxc4 Nd4 17. Bxd4 Qxd4 18. Qh5 Bc5 19. Qe2 Qd2 20. Bf3 Rd4 21.
Qxd2 Rxd2 22. Re2 Rfd8 23. Rae1 R8d3 24. Rxd2 Rxd2 25. Re2 Rxe2 26. Bxe2 Kf8
27. Kg2 Ke7 28. f4 Bd4 29. Kf3 Kd6 30. f5 Ke7 31. g4 h6 32. b4 a5 33. bxa5 Bc3
34. a6 bxa6 35. Ke3 Kd6 36. c5+ Kxc5 37. Bxa6 Kb4 38. Kd3 Bd4 39. h4 Bf2 40. h5
f6 41. Bb7 Bd4 42. Bc6 Bb6 43. Bd5 1/2-1/2

[Event "7. Arber-Open Bodenmais 2018"]
[Site "Bodenmais"]
[Date "2018.07.31"]
[Round "4.26"]
[White "Zametzer, Marcus"]
[Black "Witte, Ronald"]
[Result "0-1"]
[WhiteElo "1293"]
[BlackElo "2031"]
[PlyCount "80"]
[EventDate "2018.??.??"]
[WhiteTeam "SK Mangfalltal"]
[BlackTeam "BSV 63 Chemie WeiÃŸensee"]

1. e4 c5 2. Nf3 d6 3. d4 cxd4 4. Nxd4 Nf6 5. Nc3 a6 6. f3 e5 7. Nb3 h5 8. h4
Be6 9. Bg5 Be7 10. Qd2 Nbd7 11. Be2 Qc7 12. g4 hxg4 13. fxg4 b5 14. O-O-O b4
15. Nd5 Bxd5 16. exd5 Ne4 17. Qe3 Nxg5 18. hxg5 Rxh1 19. Rxh1 Qd8 20. Rh8+ Nf8
21. Qe4 Bxg5+ 22. Kb1 Qb6 23. Qh1 a5 24. Nc1 Qe3 25. Bb5+ Ke7 26. Qf1 Qxc1+ 27.
Qxc1 Bxc1 28. Kxc1 Rb8 29. Bc6 Nd7 30. Rh7 Rg8 31. g5 Nc5 32. Rh4 f5 33. gxf6+
Kxf6 34. Kd2 g5 35. Rh6+ Rg6 36. Rh7 g4 37. Be8 Rg8 38. Bf7 Rf8 39. Bh5 Kg5 40.
Rf7 Rh8 0-1

[Event "7. Arber-Open Bodenmais 2018"]
[Site "Bodenmais"]
[Date "2018.07.31"]
[Round "4.27"]
[White "Schreib, Marc"]
[Black "Eizenhammer, Peter"]
[Result "0-1"]
[WhiteElo "1857"]
[BlackElo "2148"]
[PlyCount "100"]
[EventDate "2018.??.??"]
[WhiteTeam "SK Neuperlach"]
[BlackTeam "SC Vilshofen"]

1. d4 d6 2. Bf4 Nf6 3. e3 g6 4. c3 Bg7 5. Nd2 O-O 6. Ngf3 Nc6 7. Bb5 Nd7 8. O-O
e5 9. dxe5 dxe5 10. Bg3 Qe7 11. e4 Nd8 12. b4 f6 13. a4 Nf7 14. Qc2 Rd8 15. a5
a6 16. Bc4 Nf8 17. Bb3 Be6 18. Nc4 Bh6 19. Rfd1 Rac8 20. Rxd8 Qxd8 21. Rd1 Qe7
22. Nfd2 Rd8 23. Ne3 Bxe3 24. fxe3 c5 25. Bxe6 Nxe6 26. Qb1 Qd6 27. Kf2 Qd3 28.
Qxd3 Rxd3 29. bxc5 Nxc5 30. Ke2 Rxc3 31. Ra1 Nd6 32. Kf3 Kf7 33. Be1 Ke6 34. g4
Kd7 35. Ra2 Nb5 36. Bh4 Ke6 37. g5 f5 38. exf5+ gxf5 39. Nb1 Rc1 40. Na3 e4+
41. Kg2 Nc3 42. Rc2 Rxc2+ 43. Nxc2 Nb3 44. Be1 Nd5 45. h4 Kf7 46. Kf2 Kg6 47.
Ke2 Kh5 48. Na3 b6 49. axb6 Nxb6 50. Kd1 Nc5 0-1

[Event "7. Arber-Open Bodenmais 2018"]
[Site "Bodenmais"]
[Date "2018.07.31"]
[Round "4.28"]
[White "Schmahl, Stephan"]
[Black "Brassat, Juergen"]
[Result "1-0"]
[WhiteElo "2148"]
[BlackElo "1839"]
[PlyCount "67"]
[EventDate "2018.??.??"]
[WhiteTeam "SC Bavaria Regensburg von 1881"]
[BlackTeam "SC Bavaria Regensburg von 1881"]

1. d4 Nf6 2. c4 e6 3. Nc3 b6 4. Nf3 Bb7 5. Bg5 Be7 6. e3 O-O 7. Bd3 d5 8. cxd5
Nxd5 9. Bxe7 Qxe7 10. O-O Nxc3 11. bxc3 Nd7 12. e4 c5 13. Qe2 cxd4 14. cxd4
Rfc8 15. Ba6 Nf6 16. Bxb7 Qxb7 17. Rfe1 Rc3 18. Ne5 Rac8 19. f3 b5 20. Red1 Qb6
21. Rd2 a6 22. g3 g6 23. Kg2 Qc7 24. Rad1 Qd6 25. Nxf7 Kxf7 26. e5 Qd5 27. exf6
Kxf6 28. Qe4 R8c6 29. Qh4+ Kg7 30. Qe7+ Kh6 31. Qf8+ Kh5 32. g4+ Kg5 33. h4+
Kxh4 34. Qh6+ 1-0

[Event "7. Arber-Open Bodenmais 2018"]
[Site "Bodenmais"]
[Date "2018.07.31"]
[Round "4.29"]
[White "Horther-Schneider, Elsbeth"]
[Black "Benischek, Wolfgang"]
[Result "1/2-1/2"]
[WhiteElo "1839"]
[BlackElo "2122"]
[PlyCount "48"]
[EventDate "2018.??.??"]
[WhiteTeam "SC Windischeschenbach"]
[BlackTeam "SK Freising"]

1. e4 d6 2. d4 Nd7 3. f4 e5 4. Nf3 Ngf6 5. Nc3 Be7 6. Bc4 Nb6 7. Be2 exd4 8.
Nxd4 O-O 9. O-O c6 10. Bf3 c5 11. Nde2 Be6 12. Nd5 Nbxd5 13. exd5 Bd7 14. c4 b5
15. b3 Rb8 16. Bd2 Qc8 17. cxb5 Bxb5 18. Re1 Re8 19. Qc2 Bd7 20. Ng3 Qa6 21.
Bc3 Ng4 22. h3 Bh4 23. Rxe8+ Rxe8 24. Ne4 Ne3 1/2-1/2

[Event "7. Arber-Open Bodenmais 2018"]
[Site "Bodenmais"]
[Date "2018.07.31"]
[Round "4.30"]
[White "Bergmann, Reiner"]
[Black "Hohlfeld, Wolfgang"]
[Result "1/2-1/2"]
[WhiteElo "1808"]
[BlackElo "2062"]
[PlyCount "49"]
[EventDate "2018.??.??"]
[WhiteTeam "SC Bayerwald"]
[BlackTeam "SC Diogenes Hamburg"]

1. e4 c5 2. a3 g6 3. b4 Bg7 4. Nc3 d6 5. Nf3 Nc6 6. b5 Nd4 7. Nxd4 cxd4 8. Nd5
e6 9. Nb4 Nf6 10. Bd3 O-O 11. Bb2 Nd7 12. c3 Nc5 13. cxd4 Nxd3+ 14. Nxd3 Qg5
15. O-O Qxb5 16. Qe2 Qa4 17. e5 b6 18. Qe3 Ba6 19. Rfc1 Bxd3 20. Qxd3 dxe5 21.
dxe5 Rfd8 22. Qf3 Qd7 23. Rc2 Qd5 24. d4 Qxf3 25. gxf3 1/2-1/2

[Event "7. Arber-Open Bodenmais 2018"]
[Site "Bodenmais"]
[Date "2018.07.31"]
[Round "4.31"]
[White "Neumann, Lutz"]
[Black "Huhs, Sven"]
[Result "1-0"]
[WhiteElo "1815"]
[BlackElo "2034"]
[PlyCount "61"]
[EventDate "2018.??.??"]
[WhiteTeam "BSV Ehrenfriedersdorf"]
[BlackTeam "FG Wohlde"]

1. e4 d5 2. exd5 Nf6 3. d4 Bg4 4. Be2 Bxe2 5. Qxe2 Qxd5 6. Nf3 Nc6 7. c4 Qh5 8.
d5 Nb4 9. a3 Na6 10. Nc3 O-O-O 11. Ne5 Qxe2+ 12. Kxe2 Rg8 13. Nxf7 Re8 14. Ng5
e6 15. Nxe6 c6 16. Re1 cxd5 17. cxd5 Nxd5 18. Nxd5 Rxe6+ 19. Kf1 Rxe1+ 20. Kxe1
Bd6 21. Be3 Re8 22. Rd1 Nc5 23. Kf1 Kb8 24. Nc3 Bf8 25. Bf4+ Kc8 26. Nb5 b6 27.
Nxa7+ Kb7 28. Nb5 Kc6 29. Nc3 Nb3 30. f3 Bc5 31. Ne4 1-0

[Event "7. Arber-Open Bodenmais 2018"]
[Site "Bodenmais"]
[Date "2018.07.31"]
[Round "4.32"]
[White "Steinbach, Peter"]
[Black "Bruening, Martin"]
[Result "0-1"]
[WhiteElo "2000"]
[BlackElo "1736"]
[PlyCount "66"]
[EventDate "2018.??.??"]
[WhiteTeam "SV Crailsheim"]
[BlackTeam "TuS Syke"]

1. d4 d5 2. Bf4 Nf6 3. Nf3 e6 4. e3 Bd6 5. Bg3 O-O 6. Bd3 b6 7. Nbd2 Bb7 8. c3
c5 9. O-O Bxg3 10. hxg3 Nbd7 11. Qc2 h6 12. Rfe1 Rc8 13. Rad1 Qc7 14. e4 dxe4
15. Nxe4 Nxe4 16. Bxe4 Nf6 17. Bxb7 Qxb7 18. Re5 c4 19. Qe2 b5 20. Nd2 Rfd8 21.
g4 Rd5 22. f4 Qc6 23. g5 hxg5 24. fxg5 Nd7 25. Rxd5 Qxd5 26. Ne4 Rd8 27. Rf1
Nf8 28. Qg4 Ng6 29. Rf6 Kf8 30. Rf3 Ke7 31. Qg3 Qxe4 32. Rxf7+ Kxf7 33. Qc7+
Ke8 0-1

[Event "7. Arber-Open Bodenmais 2018"]
[Site "Bodenmais"]
[Date "2018.07.31"]
[Round "4.33"]
[White "Brock, Ditmar"]
[Black "Glaser, Max"]
[Result "1/2-1/2"]
[WhiteElo "1933"]
[BlackElo "1812"]
[PlyCount "61"]
[EventDate "2018.??.??"]
[WhiteTeam "SC Bad KÃ¶tzting"]
[BlackTeam "SC Furth WaldmÃ¼nchen"]

1. Nf3 d5 2. d4 Nf6 3. g3 Bf5 4. Bg2 e6 5. O-O c5 6. c4 Nc6 7. cxd5 exd5 8. Nc3
h6 9. Qb3 Nb4 10. Qa4+ Qd7 11. Qxd7+ Nxd7 12. Bf4 g5 13. Bd2 Nf6 14. a3 Nc6 15.
Rfd1 a6 16. dxc5 Bxc5 17. Rac1 Ba7 18. Na4 Ne4 19. Be1 Rd8 20. b4 O-O 21. e3 d4
22. Nxd4 Nxd4 23. exd4 Bxd4 24. Nc5 Nxc5 25. bxc5 Bb2 26. Ba5 Bxc1 27. Bxd8
Bxa3 28. Bxb7 Bxc5 29. Bxa6 Bg4 30. Rd5 Bf3 31. Rxc5 1/2-1/2

[Event "7. Arber-Open Bodenmais 2018"]
[Site "Bodenmais"]
[Date "2018.07.31"]
[Round "4.34"]
[White "Grabmeier, Johannes"]
[Black "Fuchs, Florian"]
[Result "1-0"]
[WhiteElo "1906"]
[BlackElo "1621"]
[PlyCount "55"]
[EventDate "2018.??.??"]
[WhiteTeam "SV Deggendorf"]
[BlackTeam "DJK SF Haselbach"]

1. b3 d5 2. e3 e5 3. Bb2 Bd6 4. f4 exf4 5. Bxg7 Qh4+ 6. g3 fxg3 7. Bg2 gxh2+ 8.
Kf1 hxg1=Q+ 9. Kxg1 Qg5 10. Bxh8 Bg4 11. Qe1 Bf5 12. Qh4 Qxh4 13. Rxh4 c6 14.
d3 f6 15. Nd2 Kf7 16. e4 dxe4 17. Bxe4 Bg6 18. Bxg6+ hxg6 19. Rh7+ Ke6 20. Re1+
Kd5 21. Rg7 Na6 22. Rxb7 Bc5+ 23. Kg2 Bb4 24. Rd7+ Kc5 25. Ne4+ Kb6 26. c3 f5
27. Nd2 Bxc3 28. Bxc3 1-0

[Event "7. Arber-Open Bodenmais 2018"]
[Site "Bodenmais"]
[Date "2018.07.31"]
[Round "4.35"]
[White "Vennemann, Juergen"]
[Black "Schmied, Eva-Maria"]
[Result "1-0"]
[WhiteElo "1887"]
[BlackElo "1559"]
[PlyCount "75"]
[EventDate "2018.??.??"]
[WhiteTeam "SC Hersbruck"]
[BlackTeam "SC Mpoe Maria Saal"]

1. d4 Nf6 2. c4 g6 3. Nc3 d5 4. cxd5 Nxd5 5. e4 Nxc3 6. bxc3 Bg7 7. Bc4 c5 8.
Ne2 Nc6 9. Be3 Qa5 10. Qd2 cxd4 11. cxd4 Qxd2+ 12. Kxd2 O-O 13. Rhd1 Na5 14.
Bd3 b6 15. Rac1 Bb7 16. Rc7 e6 17. Rdc1 Rac8 18. f4 Rxc7 19. Rxc7 Rc8 20. Rxc8+
Bxc8 21. Nc3 f5 22. e5 Bd7 23. Nb5 Nc6 24. Bc4 Na5 25. Kc3 Nxc4 26. Kxc4 a6 27.
Nc7 Bc8 28. d5 exd5+ 29. Kxd5 Bb7+ 30. Kd6 Bf8+ 31. Kd7 Ba3 32. Bxb6 Bxg2 33.
e6 Kf8 34. Nxa6 Bf1 35. Bc5+ Bxc5 36. Nxc5 Bb5+ 37. Kd8 h6 38. Nd7+ 1-0

[Event "7. Arber-Open Bodenmais 2018"]
[Site "Bodenmais"]
[Date "2018.07.31"]
[Round "4.37"]
[White "Kolb, Wolfgang"]
[Black "Lehmann, Nils"]
[Result "1-0"]
[WhiteElo "2047"]
[BlackElo "1681"]
[PlyCount "51"]
[EventDate "2018.??.??"]
[WhiteTeam "SK KÃ¶nigsbrunn"]
[BlackTeam "SV Lahn Limburg"]

1. c4 e6 2. Nf3 d5 3. b3 Nf6 4. g3 Be7 5. Bg2 O-O 6. Bb2 Re8 7. O-O Nbd7 8. e3
Nf8 9. Nc3 Ng6 10. Qc2 c5 11. cxd5 Nxd5 12. Nxd5 Qxd5 13. Rac1 Rb8 14. Rfd1 b6
15. Ne5 Qd6 16. Nc6 Rb7 17. Nxe7+ Rbxe7 18. d4 cxd4 19. Qxc8 Rxc8 20. Rxc8+ Re8
21. Rxe8+ Nf8 22. Rxd4 Qc5 23. Rdd8 h6 24. Rxf8+ Kh7 25. Rxf7 e5 26. Be4# 1-0

[Event "7. Arber-Open Bodenmais 2018"]
[Site "Bodenmais"]
[Date "2018.07.31"]
[Round "4.38"]
[White "Schultes, Christoph"]
[Black "Heydt, Robert"]
[Result "1-0"]
[WhiteElo "1976"]
[BlackElo "1701"]
[PlyCount "103"]
[EventDate "2018.??.??"]
[WhiteTeam "SK Landau-Dingolfing"]
[BlackTeam "SK HÃ¶rbranz"]

1. d4 d5 2. Nf3 Nf6 3. c4 c6 4. Nc3 g6 5. e3 Bg7 6. Qb3 Qb6 7. Bd2 Qxb3 8. axb3
O-O 9. Bd3 Re8 10. O-O Nbd7 11. cxd5 Nxd5 12. Nxd5 cxd5 13. Bb5 a6 14. Rfc1 Rd8
15. Ba5 b6 16. Bb4 Bf8 17. Bc6 Rb8 18. Bxd5 a5 19. Be1 Nf6 20. Bc4 e6 21. Ne5
Bb7 22. Bb5 Rbc8 23. Rc3 Nd5 24. Rcc1 Nb4 25. Bxb4 Bxb4 26. Nc4 Bd5 27. Nxb6
Rxc1+ 28. Rxc1 Bxb3 29. Rc8 Rxc8 30. Nxc8 a4 31. Nb6 a3 32. bxa3 Bxa3 33. f3
Kg7 34. Kf2 h5 35. Ke2 Kf6 36. Bc4 Bxc4+ 37. Nxc4 Bb4 38. Kd3 Bf8 39. e4 g5 40.
d5 e5 41. Ne3 h4 42. Ng4+ Kg7 43. Nxe5 Bd6 44. Ng4 f6 45. Kd4 Bb8 46. Kc5 Kf7
47. Kc6 Ke7 48. h3 Bf4 49. Nh6 Be5 50. Nf5+ Kd8 51. Nd6 Ke7 52. Nb7 1-0

[Event "7. Arber-Open Bodenmais 2018"]
[Site "Bodenmais"]
[Date "2018.07.31"]
[Round "4.39"]
[White "Rier, Guenter"]
[Black "Kissel, Ralf"]
[Result "1/2-1/2"]
[WhiteElo "1930"]
[BlackElo "1639"]
[PlyCount "43"]
[EventDate "2018.??.??"]
[WhiteTeam "SV MÃ¶dling"]
[BlackTeam "SK Mannheim"]

1. Nf3 e6 2. c4 Nf6 3. Nc3 b6 4. d4 Bb7 5. Bf4 Be7 6. Qc2 d5 7. e3 Nbd7 8. Bd3
dxc4 9. Bxc4 Nh5 10. Bg3 a6 11. a3 b5 12. Bd3 c5 13. Be4 Bxe4 14. Qxe4 O-O 15.
O-O Nxg3 16. hxg3 c4 17. Qc2 Qb6 18. Rfd1 Nf6 19. Ne5 Rfd8 20. Qe2 Bd6 21. Ng4
Nxg4 22. Qxg4 1/2-1/2